Greatest Packer Football Players - Statistics

General Stats
  • This quiz has been taken 9 times
  • The average score is 8 of 8
Answer Stats
Hint Answer % Correct
Quarterback that won 4 MVPs Aaron Rodgers
100%
Quarterback that won 2 Superbowls Bart Starr
100%
Linebacker that went All pro twice and went to the pro bowl 6 times Clay Matthews
100%
Wide Receiver that was traded to the Raiders Devonte Adams
100%
Wide Receiver that retired because of multiple back injuries Jordy Nelson
100%
Left End nicknamed the "Minister of Defense" Reggie White
100%
Wide Receiver that retired because of a neck injury Sterling Sharpe
88%
Defensive Tackle picked ninth overall in the first round of the 2009 NFL draft BJ Raji
63%
No matching quizzes found
Score Distribution
Percent of People with Each Score
Percentile by Number Answered
Your Score History
You have not taken this quiz